000 00565nam a22002057a 4500
005 20251108164853.0
008 250721s1981 xx 000 0 ara d
082 1 4 _a816.6/معر
100 1 _aالمعري، أبو العلاء
245 1 0 _aرسالة الغفران /
250 _aط3.
264 1 _aبيروت :
_bدار القلم،
_c1981.
300 _a319ص
650 1 7 _aالأدب العربي
650 1 7 _aالرسائل
650 1 7 _aالعصر العباسي
700 1 _aشلق، علي
_eتحقيق
942 _2ddc
_cBK
999 _c16307
_d16307